Spider web : the birth of American anticommunism /

The McCarthy-era witch hunts marked the culmination of an anticommunist crusade launched after the First World War. With Bolshevism triumphant in Russia and public discontent shaking the United States, conservatives at every level of government and business created a network dedicated to sweeping aw...

Full description

Bibliographic Details
Main Author: Fischer, Nick (Author)
Format: Book
Language:English
Published: Urbana : University of Illinois Press, [2016]
Subjects:

MARC

Tag First Indicator Second Indicator Subfields
LEADER 00000cam a2200000 i 4500
001 in00003757204
005 20170927140602.0
008 160328t20162016ilua b s001 0 eng
010 |a  2016003063 
020 |a 9780252040023  |q hardcover  |q acid-free paper 
020 |a 0252040023  |q hardcover  |q acid-free paper 
020 |a 9780252081514  |q paperback  |q acid-free paper 
020 |a 025208151X  |q paperback  |q acid-free paper 
020 |z 9780252098222  |q electronic book 
020 |a 0252098226 
020 |a 9780252098222 
035 |a (OCoLC)ocn926062534 
040 |a DLC  |e rda  |c DLC  |d UtOrBLW 
043 |a n-us--- 
049 |a TXAM 
050 0 0 |a E743.5  |b .F476 2016 
082 0 0 |a 324.1/309730904  |2 23 
100 1 |a Fischer, Nick,  |e author.  |0 http://id.loc.gov/authorities/names/n2016016972 
245 1 0 |a Spider web :  |b the birth of American anticommunism /  |c Nick Fischer. 
264 1 |a Urbana :  |b University of Illinois Press,  |c [2016] 
264 4 |c ©2016 
300 |a xviii, 345 pages ;  |b illustrations :  |c 24 cm. 
336 |a text  |b txt  |2 rdacontent 
337 |a unmediated  |b n  |2 rdamedia 
338 |a volume  |b nc  |2 rdacarrier 
504 |a Includes bibliographical references and index. 
505 0 |a Chapter 1. The Origins of American Anticommunism, ca. 1860-1917 -- Chapter 2. The First World War and the Origins of the Red Scare -- Chapter 3. Here Come the Bolsheviks! : The Russian Revolution and the Red Scare -- Chapter 4. The Spider Web Chart -- Chapter 5. Mapping a Political Network : The Anticommunist Spider Web -- Chapter 6. John Bond Trevor, Radicals, Eugenics, and Immigration -- Chapter 7. Jacob Spolansky : The Rise of the Career Anticommunist Spook -- Chapter 8. The Better America Federation and Big Business's War on Labor -- Chapter 9. Political Repression and Culture War -- Chapter 10. Anticommunism and Political Terror -- Chapter 11. The Mythology of Anticommunism -- Chapter 12. Antidemocracy and Authoritarianism -- Conclusion: Legacies of the Spider Web -- Afterword. 
520 |a The McCarthy-era witch hunts marked the culmination of an anticommunist crusade launched after the First World War. With Bolshevism triumphant in Russia and public discontent shaking the United States, conservatives at every level of government and business created a network dedicated to sweeping away the 'spider web' of radicalism they saw threatening the nation. In this groundbreaking study, Nick Fischer shines a light on right-wing activities during the interwar period. Conservatives, eager to dispel communism's appeal to the working class, railed against a supposed Soviet-directed conspiracy composed of socialists, trade unions, peace and civil liberties groups, feminists, liberals, aliens and Jews. Their rhetoric and power made for devastating weapons in their systematic war for control of the country against progressive causes. But, as Fischer shows, the term spider web far more accurately described the anticommunist movement than it did the makeup and operations of international communism. Fischer details how anticommunist myths and propaganda influenced mainstream politics in America, and how its ongoing efforts paved the way for the McCarthyite Fifties, and augured the conservative backlash that would one day transform American politics. 
650 0 |a Anti-communist movements  |z United States  |x History  |y 20th century.  |0 http://id.loc.gov/authorities/subjects/sh2007101061 
650 0 |a Conservatism  |z United States  |x History  |y 20th century.  |0 http://id.loc.gov/authorities/subjects/sh2008100500 
650 0 |a Myth  |x Political aspects  |z United States  |x History  |y 20th century. 
650 0 |a Propaganda  |z United States  |x History  |y 20th century. 
651 0 |a United States  |x Politics and government  |y 1919-1933.  |0 http://id.loc.gov/authorities/subjects/sh85140460 
651 0 |a United States  |x Politics and government  |y 1933-1945.  |0 http://id.loc.gov/authorities/subjects/sh85140464 
650 7 |a POLITICAL SCIENCE / Political Ideologies / Communism & Socialism.  |2 bisacsh 
650 7 |a HISTORY / United States / 20th Century.  |2 bisacsh 
650 7 |a POLITICAL SCIENCE / Labor & Industrial Relations.  |2 bisacsh 
945 |b 694535 
947 |a A14843423162 
948 |a cataloged  |b h  |c 2016/7/8  |d c  |e dmitchel  |f 2:00:00 pm 
994 |a 92  |b TXA 
999 f f |s 735b8b98-246e-3a2f-963b-4ed916445599  |i 7cdd574a-16c4-3dc9-a0c1-b409492ee556  |t 0 
952 f f |p normal  |a Texas A&M University  |b College Station  |c Sterling C. Evans Library  |d Evans: Library Stacks  |t 0  |e E743.5 .F476 2016  |h Library of Congress classification  |i unmediated -- volume  |m A14843423162 
998 f f |a E743.5 .F476 2016  |t 0  |l Evans: Library Stacks